| 000 | 01259nam a22002897a 4500 | ||
|---|---|---|---|
| 999 |
_c121077 _d121077 |
||
| 003 | 0 | ||
| 005 | 20190226151916.0 | ||
| 008 | 0 | ||
| 010 | _aB-170221 | ||
| 020 |
_c650.00 _a8174531874 |
||
| 035 | _aB-170221, B-170222, B-170225 | ||
| 037 | _bCen Lib/Ret | ||
| 040 |
_aDPL _bHN _c0 |
||
| 082 |
_a791.43 _bविमल |
||
| 100 |
_aविमल _941420 |
||
| 245 |
_aहिन्दी चित्रपट एवं संगीत का इतिहास / _cविमल |
||
| 246 |
_aHindi chitrapit evam sangeet ka itihas / _bby Vimal |
||
| 260 |
_aनई दिल्ली _bसंजय प्रकाशन _c2005 |
||
| 270 |
_a4378/4-बी, 209 जे. एम. डी. हाउस गली मुरारीलाल, अंसारी रोड, दरियागंज _bनई दिल्ली _e110002 |
||
| 300 |
_axii,360पृ. _c21सेमी(सजिल्द) |
||
| 500 | _aअनुक्रमणिका शामिल | ||
| 650 |
_aहिंदी साहित्य _994371 |
||
| 650 |
_aहिन्दी चित्रपट संगीत _994372 |
||
| 650 |
_aHindi literature _994373 |
||
| 650 |
_aHindi film music _944471 |
||
| 942 |
_2ddc _cHN _h791.43 _mविमल |
||